=LDR 00000nam 2200000 4500 =001 INLIS000000000004026 =005 20130612092321 =008 ***********************************Ind** =035 ##$$0010-061300000004026 =041 ##$$a Ind =082 ##$$a 808.066 =090 ##$$a 808.066, Sha m =100 ##$$a Shah, Vimal P =245 ##$$a Menyusun laporan penelitian, Vimal P.Shah; diterjemahkan oleh, Muhadjir Darwin =260 ##$$a 1989 $b Yogyakarta =300 ##$$a vi, 75 hlm, ilus, 21 cm =650 ##$$a Teknik penulisan laporan =700 ##$$a Darwin, Muhajir =850 ##$$a NBPNMAT